Elements of termodynamics y Heat transfer (Registro nro. 21619)
[ vista simple ]
| 000 -LÍDER | |
|---|---|
| fixed length control field | 00341nam a2200121 4500 |
| 008 - ELEMENTOS DE LONGITUD FIJA -- INFORMACIÓN GENERAL | |
| fixed length control field | 01965 1962 0a 000 0Mex |
| 082 ## - NUMERO DE CLASIFICACION DECIMAL DEWEY | |
| Número de Clasificación | 536.7 O713t |
| 100 ## - ASIENTO PRINCIPAL--NOMBRE PERSONAL | |
| Nombre personal | Obert y Yung |
| 245 ## - TÍTULO | |
| Título | Elements of termodynamics y Heat transfer |
| 260 ## - PUBLICACIÓN, DISTRIBUCIÓN, ETC. (PIE DE IMPRENTA) | |
| Lugar de publicación, distribución, etc. | USA : McGraw-Hill |
| 300 ## - DESCRIPCIÓN FÍSICA | |
| Extensión | 538p. / 20cm. |
| 650 ## - ASIENTO SECUNDARIO DE MATERIA - TERMINO TEMÁTICO | |
| Término temático o nombre geográfico como elemento de entrada | 1.TERMODINAMICS 2.HEAT TRANSFER |
| No. biblioteca | No. biblioteca | Número de clasificación | Código de barras/Número de adquisición | Número de copia | Tipo de material |
|---|---|---|---|---|---|
| LUIS G. INCLAN | LUIS G. INCLAN | 536.7 O713t | 3908 | 2 | Libros |
| LUIS G. INCLAN | LUIS G. INCLAN | 536.7 O713t | 3909 | 3 | Libros |
